Language Quiz

Random Language or German Quiz

German 4 Week 13 Quiz Stats

 Plays Quiz not verified by Sporcle

Support Sporcle.
Go Orange.
Score 0/40 Timer 05:00
0 Plays Today
German Word English Word % Correct
die Roserose
91.5%
die Lilielily
88.7%
höherhigher
87.3%
maglikes
87.3%
der Spielerplayer
85.9%
das Autocar
85.9%
die Sonnenblumesunflower
85.9%
setzento set
84.5%
das Publikumpublic
84.5%
das Petalpetal
84.5%
bekommento get
83.1%
hat ... bekommenhas got
83.1%
höchsthighest
83.1%
verstandunderstood
81.7%
hat ... verstandenhas understood
80.3%
bekamgot
78.9%
darunterunder it
78.9%
das Beispiel example
78.9%
die Meinungmeaning
78.9%
pflanzento plant
78.9%
German Word English Word % Correct
verstehento understand
77.5%
das Blattleaf
74.6%
die Blätterleaves
74.6%
trotzin spite of
70.4%
der Bodenfloor
69%
ausblühento bloom
69%
pflückento pick
69%
meintemeant
67.6%
der Stängelstem
66.2%
wenigenfew
62%
die Blütebloom
62%
die Pfingstrosepeony
60.6%
die Lösungsolution
57.7%
der Blumenstraubouquet
57.7%
die Nelkecarnation
56.3%
das Gänseblümchedaisy
54.9%
der Mohnpoppy
52.1%
sowohlas well as
47.9%
das Blumenblattpetal
47.9%
forderteclaimed
36.6%

You're not logged in!

Compare scores with friends on all Sporcle quizzes.
OR
Log In

From the Vault

TV Pop-Ups II

by Thebiguglyalien

Once you pop, you can't stop.
Remove Ads.
Support Sporcle.
Get the best of Sporcle when you Go Orange. This ad-free experience offers more features, more stats, and more fun while also helping to support Sporcle. Thank you for becoming a member.

Show Comments

Extras

Created Jan 27, 2016ReportNominate
Tags:German Quiz, Vocabulary Quiz

Top Quizzes Today


Score Distribution

Your Account Isn't Verified!

In order to create a playlist on Sporcle, you need to verify the email address you used during registration. Go to your Sporcle Settings to finish the process.

Report this User

Report this user for behavior that violates our Community Guidelines.

Details: